000 00380nam a2200145Ia 4500
008 230917s9999||||xx |||||||||||||| ||und||
040 _e243228
_aMAIN
041 _aEnglish
082 _a338.10954558 V614F
100 _aVersha
245 0 _aFemale participation in agriculture sector: A district analysis of Haryana state
260 _c2016
300 _a63 p.
942 _cTH
999 _c127537
_d127537